<?xml version="1.0" encoding="UTF-8"?>
<record
    xmlns:xsi="http://www.w3.org/2001/XMLSchema-instance"
    xsi:schemaLocation="http://www.loc.gov/MARC21/slim http://www.loc.gov/standards/marcxml/schema/MARC21slim.xsd"
    xmlns="http://www.loc.gov/MARC21/slim">

  <leader>01363nam a22002177a 4500</leader>
  <controlfield tag="003">OSt</controlfield>
  <controlfield tag="005">20231212101712.0</controlfield>
  <controlfield tag="008">231211s1998    ag ||||| |||| 00| f spa d</controlfield>
  <datafield tag="020" ind1=" " ind2=" ">
    <subfield code="a">8401479541</subfield>
  </datafield>
  <datafield tag="040" ind1=" " ind2=" ">
    <subfield code="c">besoc</subfield>
  </datafield>
  <datafield tag="100" ind1="1" ind2=" ">
    <subfield code="a">Austen, Jane,</subfield>
    <subfield code="d">(1775-1817),</subfield>
    <subfield code="e">autor</subfield>
  </datafield>
  <datafield tag="245" ind1="1" ind2="3">
    <subfield code="a">La abadia de Northanger /</subfield>
    <subfield code="c">Jane Austen ; traducci&#xF3;n de Isabel Oyarz&#xE1;bal</subfield>
  </datafield>
  <datafield tag="250" ind1=" " ind2=" ">
    <subfield code="a">2a ed.</subfield>
  </datafield>
  <datafield tag="260" ind1=" " ind2=" ">
    <subfield code="a">Barcelona :</subfield>
    <subfield code="b">Plaza &amp; Jan&#xE9;s,</subfield>
    <subfield code="c">1998</subfield>
  </datafield>
  <datafield tag="300" ind1=" " ind2=" ">
    <subfield code="a">290 p.</subfield>
  </datafield>
  <datafield tag="490" ind1=" " ind2=" ">
    <subfield code="a">Jet : Biblioteca de Jane Austen ;</subfield>
    <subfield code="v">343</subfield>
  </datafield>
  <datafield tag="505" ind1=" " ind2=" ">
    <subfield code="a">Publicada originalmente en 1818, la abad&#xED;a de Northanger narra la historia de Catherine Morland, una joven ingenua y aficionada a la lectura de novelas g&#xF3;ticas. Invitada por los Tilney, que err&#xF3;neamente la consideran una rica heredera, a pasar a una temporada en su casa de campo, se dedicar&#xE1; a investigar tortuosos e imaginarios secretos de familia. Pero cuando finalmente todo se aclare y comprenda que la vida no es una novela, la inocente Catherine pondr&#xE1; los pies en la tierra y encauzar&#xE1; su futuro seg&#xFA;n dictan las normas morales y sociales. &#xC9;sta es quiz&#xE1; la novela m&#xE1;s ir&#xF3;nica y divertida de Jane Austen, maestra inigualable en la recreaci&#xF3;n de retablos sociales con hondo perfil humano. [Nota del editor]</subfield>
  </datafield>
  <datafield tag="650" ind1=" " ind2="4">
    <subfield code="a">Literatura brit&#xE1;nica</subfield>
    <subfield code="v">Novela</subfield>
    <subfield code="y">Siglo XIX</subfield>
  </datafield>
  <datafield tag="700" ind1="1" ind2=" ">
    <subfield code="a">Oyarz&#xE1;bal, Isabel,</subfield>
    <subfield code="e">traductor</subfield>
  </datafield>
  <datafield tag="942" ind1=" " ind2=" ">
    <subfield code="2">udc</subfield>
    <subfield code="c">OG</subfield>
    <subfield code="n">0</subfield>
  </datafield>
  <datafield tag="999" ind1=" " ind2=" ">
    <subfield code="c">158</subfield>
    <subfield code="d">158</subfield>
  </datafield>
  <datafield tag="952" ind1=" " ind2=" ">
    <subfield code="0">0</subfield>
    <subfield code="1">0</subfield>
    <subfield code="2">udc</subfield>
    <subfield code="4">0</subfield>
    <subfield code="7">0</subfield>
    <subfield code="8">CG</subfield>
    <subfield code="a">ESOCIALES</subfield>
    <subfield code="b">ESOCIALES</subfield>
    <subfield code="d">2023-12-12</subfield>
    <subfield code="l">0</subfield>
    <subfield code="o">82-31(410.1) AU933</subfield>
    <subfield code="p">000950</subfield>
    <subfield code="r">2023-12-12 00:00:00</subfield>
    <subfield code="w">2023-12-12</subfield>
    <subfield code="y">OG</subfield>
  </datafield>
</record>
